Alle Brasilianer, die für Schalke 04 gespielt haben - Statistiken

Allgemein
  • Dieses Quiz wurde 226 mal gespielt
  • Das Durchschnittsergebnis liegt bei 6 aus 15
Antwortstatistiken
Zeitraum Spiele (Tore) Spieler % Korrekt
2016-2019 80 (9) Naldo
77%
2004-2010 231 (18) Marcelo Bordon
76%
2005-2010 198 (11) Rafinha
72%
2004-2007 117 (31) Lincoln
71%
2004-2005 44 (20) Aílton
57%
2013-2015 32 (1) Felipe Santana
43%
2008-2009 3 (1) Ze Roberto (2)
43%
2010-2012 57 (7) Edu
42%
2015-2017 41 (1) Júnior Caiçara
34%
2013 16 (5) Michel Bastos
30%
2013 16 (2) Raffael
24%
2021 9 (0) William
19%
2009-2010 7 (0) Mineiro
10%
2003 10 (0) Alcides
6%
2011 3 (0) Danilo Avelar
6%
Keine übereinstimmenden Quizze gefunden
Verteilung der Resultate
Anzahl Personen mit jedem Resultat
Perzentil nach korrekt beantworteten Fragen
Ihre Resultats-Entwicklung
Sie haben dieses Quiz noch nicht gespielt